Online
Catalog

Haga y repare usted mismo sus instalaciones eléctricas / (Record no. 21020)

MARC details
000 -CABECERA
campo de control de longitud fija 00866nam a2200253 a 4500
001 - NÚMERO DE CONTROL
campo de control 000021520
005 - FECHA Y HORA DE LA ÚLTIMA TRANSACCIÓN
campo de control 20200930011343.0
008 - DATOS DE LONGITUD FIJA--INFORMACIÓN GENERAL
campo de control de longitud fija 100908s1973 es ac r 000 | spa d
020 ## - NÚMERO INTERNACIONAL ESTÁNDAR DEL LIBRO
Número Internacional Estándar del Libro 8423966046
040 ## - FUENTE DE LA CATALOGACIÓN
Centro catalogador/agencia de origen DO-SdBNP
Lengua de catalogación spa
Centro/agencia transcriptor BNPHU
082 ## - NÚMERO DE LA CLASIFICACIÓN DECIMAL DEWEY
Número de clasificación 643.6
Número de documento/Ítem H141r, 1973
049 ## - FONDOS LOCALES (OCLC)
Fondos de biblioteca BNGR
245 00 - MENCIÓN DE TÍTULO
Título Haga y repare usted mismo sus instalaciones eléctricas /
Mención de responsabilidad, etc. colaboración de André Loué; traducción de Luis Joly García.
250 ## - MENCIÓN DE EDICIÓN
Mención de edición 3a ed.
260 ## - PUBLICACIÓN, DISTRIBUCIÓN, ETC.
Lugar de publicación, distribución, etc. Madrid, (España) :
Nombre del editor, distribuidor, etc. Espasa-Calpe,
Fecha de publicación, distribución, etc. 1973.
300 ## - DESCRIPCIÓN FÍSICA
Extensión 64 p., :
Otras características físicas il, retrs ;
Dimensiones 17 cm.
490 1# - MENCIÓN DE SERIE
Mención de serie Hagalo usted mismo
650 #4 - PUNTO DE ACCESO ADICIONAL DE MATERIA--TÉRMINO DE MATERIA
Término de materia o nombre geográfico como elemento de entrada Instalaciones eléctricas
Subdivisión general Manuales
9 (RLIN) 44853
650 #4 - PUNTO DE ACCESO ADICIONAL DE MATERIA--TÉRMINO DE MATERIA
Término de materia o nombre geográfico como elemento de entrada Lineas eléctricas
9 (RLIN) 44854
650 #4 - PUNTO DE ACCESO ADICIONAL DE MATERIA--TÉRMINO DE MATERIA
Término de materia o nombre geográfico como elemento de entrada Distribución de energia eléctrica
9 (RLIN) 8332
700 1# - PUNTO DE ACCESO ADICIONAL--NOMBRE DE PERSONA
Nombre de persona Loué, André
9 (RLIN) 44855
700 1# - PUNTO DE ACCESO ADICIONAL--NOMBRE DE PERSONA
Nombre de persona García, Luis Joly
Término indicativo de función/relación tr.
9 (RLIN) 44856
830 #0 - PUNTO DE ACCESO ADICIONAL DE SERIE-TÍTULO UNIFORME
Título uniforme Hagalo Usted Mismo
9 (RLIN) 44857
Holdings
Estado de retiro Estado de pérdida Restricciones de uso No para préstamo Código de colección Localización permanente Ubicación/localización actual Ubicación en estantería Fecha de adquisición Número de inventario Total de préstamos Signatura topográfica completa Código de barras Fecha visto por última vez Precio válido a partir de Tipo de ítem Koha
        Monografías: Libros y Folletos General General En catalogación 08.09.2010 LF1   643.6 H141r, 1973 21520-10 25.06.2020 25.06.2020 Préstamo en sala

Powered by Koha